| 000 | 00495nam a2200181Ia 4500 | ||
|---|---|---|---|
| 003 | GCL | ||
| 008 | 140319s9999 xx 000 0 ara d | ||
| 040 |
_aGCL / _cGCL |
||
| 082 | 0 | 4 |
_a853 _bد ب |
| 100 | 1 | _aدانونزيو، جابرييلى | |
| 245 | 1 | 0 |
_aالبرئ / _cدانونزيو، جابرييلى |
| 700 | 1 | _aطه فوزى (مترجم) | |
| 300 | _a354 ص | ||
| 490 | _a | ||
| 650 | 0 | 4 | _aالادب الايطالى |
| 650 | 0 | 4 | _aالقصة الايطالية |
| 942 |
_2ddc _cBK |
||
| 999 |
_c40557 _d40557 |
||